Pokémon commençant par la lettre F (français) - Statistiques

Statistiques générales
  • Ce quiz a été pris 533 fois
    206 depuis la dernière actualisation
  • Le résultat moyen est 38 sur 64
Statistiques - réponses
Numéro Pokémon % Correct
038 Feunard
84%
003 Florizarre
82%
092 Fantominus
81%
727 Félinferno
78%
156 Feurisson
78%
511 Feuillajou
77%
513 Flamajou
77%
669 Flabébé
76%
514 Flamoutan
76%
515 Flotajou
76%
512 Feuiloutan
75%
671 Florges
75%
516 Flotoutan
75%
161 Fouinette
73%
162 Fouinar
72%
215 Farfuret
71%
670 Floette
71%
653 Feunnec
70%
200 Feuforêve
68%
725 Flamiaou
67%
642 Fulguris
67%
188 Floravol
66%
632 Fermite
65%
607 Funécire
65%
549 Fragilady
64%
663 Flambusard
63%
885 Fantyrm
62%
547 Farfaduvet
61%
259 Flobio
61%
1014 Félicanis
60%
056 Férosinge
60%
911 Flâmigator
60%
872 Frissonille
58%
627 Furaiglon
57%
1016 Favianos
56%
626 Frison
55%
813 Flambino
54%
1015 Fortusimia
54%
080 Flagadoss
53%
205 Foretress
53%
968 Ferdeter
52%
903 Farfurex
51%
984 Fort-Ivoire
51%
746 Froussardine
51%
955 Flotillon
50%
981 Farigiraf
49%
918 Filentrappe
49%
916 Fragroin
49%
925 Famignol
48%
973 Flamenroule
47%
959 Forgelina
47%
958 Forgella
46%
957 Forgerette
46%
996 Frigodo
46%
987 Flotte-Mèche
45%
682 Fluvetin
45%
692 Flingouste
44%
941 Fulgulairo
43%
1020 Feu-Perçant
41%
754 Floramantis
40%
970 Floréclat
40%
860 Fourbelin
39%
836 Fulgudog
38%
986 Fongus-Furie
37%
Aucun quiz correspondant
Distribution des résultats
% des personnes avec chaque résultat
Percentile par nombre de réponses
Votre historique - résultats
Vous n’avez pas pris ce quiz depuis la dernière actualisation